A esperança equilibrista : o governo Lula em tempos de transiçao /

Obra que estudia la transición política en Brasil, y en particular, evalúa el gobierno de Luiz Inácio Lula da Silva.

Αποθηκεύτηκε σε:
Λεπτομέρειες βιβλιογραφικής εγγραφής
Κύριος συγγραφέας: Guimaraes, Juarez (autor)
Μορφή: Βιβλίο
Γλώσσα:Πορτογαλικά
Έκδοση: São Paulo, Brasil Fundação Perseu Abramo, 2004, c2004
Σειρά:(Cadernos da Fundação Perseu Abramo ; 3)
Θέματα:
Ετικέτες: Προσθήκη ετικέτας
Δεν υπάρχουν, Καταχωρήστε ετικέτα πρώτοι!

MARC

LEADER 00000nam^a2200000^a^4500
001 000174026
005 20250521000000.0
009 20260310101515.21
020 |a 85-7643-008-8 
037 |a Acervo ITESO - Biblioteca 
041 |a POR 
082 |a 320. 9810711  |b GUI 
100 |a Guimaraes, Juarez  |e (autor) 
245 1 2 |a A esperança equilibrista :  |b o governo Lula em tempos de transiçao /  |c J. Guimaraes ; pref. de Marilena Chaui. 
264 4 |a São Paulo, Brasil  |b Fundação Perseu Abramo,  |c 2004, c2004 
300 |a 166 p. 
336 |a texto  |b txt  |2 rdacontenido 
337 |a sin mediación  |b n  |2 rdamedio 
338 |a volumen  |b nc  |2 rdasoporte 
440 1 |a (Cadernos da Fundação Perseu Abramo ;  |v 3) 
520 |a Obra que estudia la transición política en Brasil, y en particular, evalúa el gobierno de Luiz Inácio Lula da Silva. 
649 |a XX 
650 |a República -  |z Brasil 
650 |a Democracia -  |z Brasil 
650 |a Transición Política -  |z Brasil 
650 |a Cambios Políticos -  |z Brasil 
650 |a Reforma Agraria -  |z Brasil 
650 |a Neoliberalismo -  |z Brasil 
650 |a Desarrollo Económico-Social -  |z Brasil 
650 |a Economía -  |z Brasil -  |x Historia -  |y 2003-2011 
650 |a Economía -  |z Brasil -  |x Historia -  |y Siglo XXI 
650 |a Política -  |z Brasil -  |x Historia -  |y 2003-2011 
650 |a Política -  |z Brasil -  |x Historia -  |y Siglo XXI 
650 |a Brasil -  |x Historia -  |y 2003-2011 
650 |a Brasil -  |x Historia -  |y Siglo XXI 
910 |a Fondo General 
920 |a Impresos - Libros 
930 |a Colección General 
905 |a 101 
901 |a 0500111824  |b IT1  |c ACC  |u 20250521 
902 |a https://opac.biblio.iteso.mx/vufind/Record/000174026